000 01257nam a2200361 a 4500
003 DO-SdBNP
005 20240529132238.0
007 ta
008 210817e2021 dr ||||er|||| 001 pdeng d
020 _a9780985477233
040 _aDO-SdBNP
_bspa
_cBNPHU
041 _heng
082 4 _bC957ins
_222
100 1 _957301
_aCruz Cabrera, Ana Arelys.
245 1 0 _aInspiration of the soul = Inspiración del alma /
_cAna Arelys Cruz Cabrera; Prólog, Hugo Adames; Editores, Lucille Amaral...[et. al.]
246 1 1 _aInspiración del alma
260 _aSanto Domingo :
_bAna Arelys,
_c2021
300 _a[121] p. ;
_c23 cm.
500 _aIncluye datos biográficos de la autora en la contracubierta.
504 _aBibliografía: p. [120].
546 _aLibro en inglés con traducción al español.
590 _aInventariado 2021 / MF
650 4 _978578
_aLiteratura
_vPoesía
_xRepública Dominicana
650 0 _aPoesía dominicana
_978060
700 1 _aAdames, Hugo
_epról.
_979449
700 1 _aAmaral, Lucille,
_eed.
_979462
700 1 _aJaramillo, Karla,
_eed.
_980066
700 1 _aMaryAnn, Schrodel,
_eed.
_980067
700 1 _aCruz, Gladys,
_eed.
_964419
700 1 _aPuello, Adys
_eed.
_980068
910 _aMfelliz
942 _2ddc
_cLBS1
999 _c50210
_d50210